হযরত শাহ জালাল [র.] ও ৩৬০ আউলিয়ার সিলট-জালালাবাদ : (Record no. 18782)
[ view plain ]
| 000 -LEADER | |
|---|---|
| fixed length control field | 00991nam a22001937a 4500 |
| 003 - CONTROL NUMBER IDENTIFIER | |
| control field | BDDh-ASL |
| 005 - DATE AND TIME OF LATEST TRANSACTION | |
| control field | 20231015025732.0 |
| 008 - FIXED-LENGTH DATA ELEMENTS--GENERAL INFORMATION | |
| fixed length control field | 201024s2004 b ||||| |||| 00| 0 eng d |
| 040 ## - CATALOGING SOURCE | |
| Original cataloging agency | BDDh-ASL |
| Transcribing agency | BDDh-ASL |
| 041 ## - LANGUAGE CODE | |
| Language code of text/sound track or separate title | ben |
| 082 ## - DEWEY DECIMAL CLASSIFICATION NUMBER | |
| Classification number | 920 |
| Item number | CHH |
| 100 1# - MAIN ENTRY--PERSONAL NAME | |
| 9 (RLIN) | 1662 |
| Personal name | চৌধুরী, দেওয়ান নূরুল আনোয়ার হোসেন |
| 245 10 - TITLE STATEMENT | |
| Title | হযরত শাহ জালাল [র.] ও ৩৬০ আউলিয়ার সিলট-জালালাবাদ : |
| Remainder of title | ঐতিহাসিক রূপরেখা / |
| 246 ## - VARYING FORM OF TITLE | |
| Title proper/short title | Hazrat Shah Jalal (R.) O 360 Auliar Silot-Jalalabad : Oitihasik Ruparekha by Dewan Nurul Anwar Hussain Choudhury |
| 260 ## - PUBLICATION, DISTRIBUTION, ETC. | |
| Place of publication, distribution, etc. | ঢাকা : |
| Name of publisher, distributor, etc. | হক প্রিন্টার্স, |
| Date of publication, distribution, etc. | 2004. |
| 300 ## - PHYSICAL DESCRIPTION | |
| Extent | ৭২ পৃ. : |
| Dimensions | ২২ সে. মি. |
| 650 #0 - SUBJECT ADDED ENTRY--TOPICAL TERM | |
| 9 (RLIN) | 1663 |
| Topical term or geographic name entry element | হযরত শাহ জালাল [র.] |
| General subdivision | ৩৬০ আউলিয়া |
| Geographic subdivision | সিলেট, বাংলাদেশ |
| 942 ## - ADDED ENTRY ELEMENTS (KOHA) | |
| Source of classification or shelving scheme | Dewey Decimal Classification |
| Koha item type | Books |
| Withdrawn status | Lost status | Source of classification or shelving scheme | Damaged status | Not for loan | Collection code | Home library | Current library | Shelving location | Date acquired | Source of acquisition | Total Checkouts | Full call number | Barcode | Date last seen | Copy number | Price effective from | Koha item type |
|---|---|---|---|---|---|---|---|---|---|---|---|---|---|---|---|---|---|
| Dewey Decimal Classification | Non-fiction | Asiatic Society Library | Asiatic Society Library | General Stacks | 10/24/2020 | Complementary | 920 CHH | 102006 | 10/24/2020 | C-1 | 10/24/2020 | Books | |||||
| Dewey Decimal Classification | Non-fiction | Asiatic Society Library | Asiatic Society Library | Sirajul Islam Collection | 05/02/2022 | Donated by Prof. Sirajul Islam FRHS | 920 CHH | 116746 | 05/02/2022 | C-2 | 05/02/2022 | Books |